000 00854nam a2200253Ia 4500
003 OSt
005 20221005081234.0
006 a|||||r|||| 00| 0
007 ta
008 221004b |||||||| |||| 00| 0 eng d
020 _a9789380607337 (hbk)
_c850
024 _a22186
037 _bIN/2014-15/1415, 16/03/2015, Selectbook Service Syndicate
_cTextual
040 _aCRL
_cCRL
_beng
041 _2eng
_aeng
082 _aX425:5.2, Q3
100 _aMalekandathil Plus
_9610897
245 0 _aMughals, the Portuguese and the Indian Ocean
_b Changing imageries of maritime India
260 _aNew Delhi
_bPrimus Books India
_c2013
300 _aviii,234p.
_ccm.
650 _aECONOMICS
942 _hX425:5.2, Q3
_cTEXL
_2cc
999 _c987393
_d987393